The Office Surnames Quiz Stats

 Plays Quiz Updated Jun 25, 2018

Score 0/24 Timer 05:00
21 Plays Today
First Name Last Name % Correct
MichaelScott
98.7%
PamBeesly
95.1%
JimHalpert
91.5%
DwightSchrute
89.4%
AndyBernard
71.6%
KellyKapoor
69.7%
PhyllisLapin-Vance
66.8%
AngelaMartin
62.2%
RyanHoward
62.1%
Creed Bratton
59.2%
Toby Flenderson
58.8%
Oscar Martinez
57.9%
First Name Last Name % Correct
DavidWallace
55.8%
JanLevinson
55%
KevinMalone
54%
ToddPacker
53.3%
StanleyHudson
53%
HollyFlax
45.2%
MeredithPalmer
43.9%
DarrylPhilbin
42.5%
KarenFilippelli
42%
Roy Anderson
35.1%
Kelly (Erin)Hannon
29.1%
CharlesMiner
27.3%

You're not logged in!

Compare scores with friends on all Sporcle quizzes.
OR
Log In

Sporcle TV

Today on Sporcle TV


Watch our educational content, quiz creation guides, and fun videos on Sporcle TV.

Show Comments

Extras

Top Quizzes Today


Score Distribution

Your Account Isn't Verified!

In order to create a playlist on Sporcle, you need to verify the email address you used during registration. Go to your Sporcle Settings to finish the process.

Report this User

Report this user for behavior that violates our Community Guidelines.

Details: